<?xml version='1.0' encoding='UTF-8'?><?xml-stylesheet href='static/style.xsl' type='text/xsl'?><OAI-PMH xmlns="http://www.openarchives.org/OAI/2.0/" xmlns:xsi="http://www.w3.org/2001/XMLSchema-instance" xsi:schemaLocation="http://www.openarchives.org/OAI/2.0/ http://www.openarchives.org/OAI/2.0/OAI-PMH.xsd"><responseDate>2026-04-30T18:11:04Z</responseDate><request verb="GetRecord" identifier="oai:ebiltegia.mondragon.edu:20.500.11984/4776" metadataPrefix="marc">https://ebiltegia.mondragon.edu/oai/request</request><GetRecord><record><header><identifier>oai:ebiltegia.mondragon.edu:20.500.11984/4776</identifier><datestamp>2024-01-04T21:57:01Z</datestamp><setSpec>com_20.500.11984_1736</setSpec><setSpec>com_20.500.11984_1627</setSpec><setSpec>col_20.500.11984_1972</setSpec></header><metadata><record xmlns="http://www.loc.gov/MARC21/slim" xmlns:dcterms="http://purl.org/dc/terms/" xmlns:xsi="http://www.w3.org/2001/XMLSchema-instance" xmlns:doc="http://www.lyncode.com/xoai" xsi:schemaLocation="http://www.loc.gov/MARC21/slim http://www.loc.gov/standards/marcxml/schema/MARC21slim.xsd">
   <leader>00925njm 22002777a 4500</leader>
   <datafield ind2=" " ind1=" " tag="042">
      <subfield code="a">dc</subfield>
   </datafield>
   <datafield ind2=" " ind1=" " tag="720">
      <subfield code="a">Mondragon Unibertsitatea</subfield>
      <subfield code="e">author</subfield>
   </datafield>
   <datafield ind2=" " ind1=" " tag="260">
      <subfield code="c">2016-10-03</subfield>
   </datafield>
   <datafield ind2=" " ind1=" " tag="520">
      <subfield code="a">Bihar, hilak 4, Eskoriatzako Udalean egingo den ekitaldian aurkeztuko dute Hizkuntza Biziberritzeko Estrategiak aditu titulua. Ekitaldia hasiko da 18:30etan eta, ikastaroko 18 parte hartzaileaz gain, aurkezpenean parte hartuko dute Joxe Ramon Zubizarreta Eskoriatzako alkateak, Andoni Barreña, Garabide Elkarteko presidenteak eta Karmele Perez MONDRAGON UNIBERTSITATEko ordezkariak. Garabide elkartearekin batera, Humanitate eta Hezkuntza Zientzien Fakultateak antolatzen du aditu titulu hau.</subfield>
   </datafield>
   <datafield ind2=" " ind1=" " tag="520">
      <subfield code="a">Mañana, día 4 de septiembre, se presentará en el Ayuntamiento de Eskoritza la tercera edición del curso experto en Desarrollo de lenguas e identidades originarias. A la presentación acudirán, además de los 18 participantes en el curso, el alcalde de Eskoriatza, Joxe Ramon Zubizarreta; el presidente de Garabide, Andoni Barreña y el representante de MONDRAGON UNIBERTSITATEA. El curso está organizado por la Facultad de Humanidades y Ciencias de la Educación en colaboración con la organización Garabide.</subfield>
   </datafield>
   <datafield ind1="8" ind2=" " tag="024">
      <subfield code="a">https://hdl.handle.net/20.500.11984/4776</subfield>
   </datafield>
   <datafield tag="653" ind2=" " ind1=" ">
      <subfield code="a">Humanitate eta Hezkuntza Zientzien Fakultatea</subfield>
   </datafield>
   <datafield ind2="0" ind1="0" tag="245">
      <subfield code="a">Bihar, hilak 4, aurkeztuko dute Hizkuntza Biziberritzeko Estrategiak aditu titulua</subfield>
   </datafield>
   <datafield ind2="0" ind1="0" tag="245">
      <subfield code="a">Mañana, día 4, se presenta el Curso Experto en Desarrollo de Lenguas e Identidades Originarias</subfield>
   </datafield>
</record></metadata></record></GetRecord></OAI-PMH>